000 00793cab a22001935a 4500
001 L140847
008 071015e20071012xxkaod s 000 0 eng d
035 _a(Sirsi) u140847
041 0 _aeng
100 1 _aHeap, Richard
245 0 0 _aRegional report
_bThames Valley
260 _c2007
490 _aProperty Week
_v72(41) 12 October 2007, 83-98(10)
520 _aReports on market news from around the region; how the Competition Commission is investigating Tesco's influence on Slough's retail market; local protest against retail redevelopment plans in Wokingham; the benefits of high-spec office refurbishment show Vodaphone, Newbury is going green.
590 _aKA
651 4 _aThames Valley
690 _aPROPERTY-COMMERCIAL PROPERTY-COMMERCIAL PROPERTY DEVELOPMENT
942 _n0
999 _c79364
_d79364